<?xml version="1.0" encoding="UTF-8"?>
<record
    xmlns:xsi="http://www.w3.org/2001/XMLSchema-instance"
    xsi:schemaLocation="http://www.loc.gov/MARC21/slim http://www.loc.gov/standards/marcxml/schema/MARC21slim.xsd"
    xmlns="http://www.loc.gov/MARC21/slim">

  <leader>01267nam a22002057a 4500</leader>
  <controlfield tag="005">20210414113933.0</controlfield>
  <controlfield tag="008">120502t        xxu||||| |||| 00| 0 eng d</controlfield>
  <datafield tag="020" ind1=" " ind2=" ">
    <subfield code="a">0852976186</subfield>
  </datafield>
  <datafield tag="050" ind1=" " ind2=" ">
    <subfield code="a">KD1715.R63</subfield>
  </datafield>
  <datafield tag="100" ind1=" " ind2=" ">
    <subfield code="a">Graham, Roberts</subfield>
  </datafield>
  <datafield tag="245" ind1=" " ind2=" ">
    <subfield code="a">Law relating to financial services /</subfield>
    <subfield code="c">Graham Roberts.</subfield>
  </datafield>
  <datafield tag="250" ind1=" " ind2=" ">
    <subfield code="a">4th ed</subfield>
  </datafield>
  <datafield tag="260" ind1=" " ind2=" ">
    <subfield code="a">Kent, CT.:</subfield>
    <subfield code="b">Financial World Publishing,</subfield>
    <subfield code="c">2001.</subfield>
  </datafield>
  <datafield tag="300" ind1=" " ind2=" ">
    <subfield code="a">xxii, 418 p:</subfield>
    <subfield code="b">ill.;</subfield>
    <subfield code="c">15cm.</subfield>
  </datafield>
  <datafield tag="500" ind1=" " ind2=" ">
    <subfield code="a">Includes index.</subfield>
  </datafield>
  <datafield tag="505" ind1=" " ind2=" ">
    <subfield code="a">Contents: The Banker-customer relationship -- Types of customer -- Consumer credit act lending -- Cheques - the basic law -- Cheques - the paying and collecting banks -- Paper payment systems -- Automated teller machines -- Debit cards -- Insolvency -- Taking security from individuals -- Guarantess -- Land and security -- Shares as security -- Life assurance policies as security -- Taking security from companies --  Charges over bank balances -- Charges over book debts -- Agricultural charges -- Regulation of financial services -- Appendix 1: Relevant statutory provisions -- Appendix 2: The Mortage code --  Appendix 3: The Banking code. </subfield>
  </datafield>
  <datafield tag="650" ind1=" " ind2=" ">
    <subfield code="a">Financial services industry </subfield>
    <subfield code="x"> Law and legislation</subfield>
    <subfield code="x"> Great Britain.</subfield>
  </datafield>
  <datafield tag="650" ind1=" " ind2=" ">
    <subfield code="a">Banking law </subfield>
    <subfield code="x"> Great Britain.</subfield>
  </datafield>
  <datafield tag="942" ind1=" " ind2=" ">
    <subfield code="2">lcc</subfield>
    <subfield code="c">BK</subfield>
  </datafield>
  <datafield tag="999" ind1=" " ind2=" ">
    <subfield code="c">805</subfield>
    <subfield code="d">8305</subfield>
  </datafield>
  <datafield tag="952" ind1=" " ind2=" ">
    <subfield code="0">0</subfield>
    <subfield code="1">0</subfield>
    <subfield code="2">lcc</subfield>
    <subfield code="4">0</subfield>
    <subfield code="7">0</subfield>
    <subfield code="a">WIUC-1</subfield>
    <subfield code="b">WIUC-1</subfield>
    <subfield code="c">GEN</subfield>
    <subfield code="d">2012-05-02</subfield>
    <subfield code="l">0</subfield>
    <subfield code="o">KD1715.R63</subfield>
    <subfield code="p">1992/12</subfield>
    <subfield code="r">2012-05-02 00:00:00</subfield>
    <subfield code="t">1</subfield>
    <subfield code="w">2012-05-02</subfield>
    <subfield code="y">BK</subfield>
  </datafield>
  <datafield tag="952" ind1=" " ind2=" ">
    <subfield code="0">0</subfield>
    <subfield code="1">0</subfield>
    <subfield code="2">lcc</subfield>
    <subfield code="4">0</subfield>
    <subfield code="7">0</subfield>
    <subfield code="a">WIUC-1</subfield>
    <subfield code="b">WIUC-1</subfield>
    <subfield code="c">GEN</subfield>
    <subfield code="d">2012-05-02</subfield>
    <subfield code="l">0</subfield>
    <subfield code="o">KD1715.R631</subfield>
    <subfield code="p">1993/12</subfield>
    <subfield code="r">2012-05-02 00:00:00</subfield>
    <subfield code="t">2</subfield>
    <subfield code="w">2012-05-02</subfield>
    <subfield code="y">BK</subfield>
  </datafield>
  <datafield tag="952" ind1=" " ind2=" ">
    <subfield code="0">0</subfield>
    <subfield code="1">0</subfield>
    <subfield code="2">lcc</subfield>
    <subfield code="4">0</subfield>
    <subfield code="7">0</subfield>
    <subfield code="a">WIUC-1</subfield>
    <subfield code="b">WIUC-1</subfield>
    <subfield code="c">GEN</subfield>
    <subfield code="d">2012-05-02</subfield>
    <subfield code="l">0</subfield>
    <subfield code="o">KD1715.R632</subfield>
    <subfield code="p">1994/12</subfield>
    <subfield code="r">2012-05-02 00:00:00</subfield>
    <subfield code="t">3</subfield>
    <subfield code="w">2012-05-02</subfield>
    <subfield code="y">BK</subfield>
  </datafield>
</record>
